Most Overweight Countries in The Americas - Statistics

General Stats
  • This quiz has been taken 20 times
  • The average score is 11 of 15
Answer Stats
Obesity Rate Country % Correct
36% Argentina
95%
42.9% United States
95%
39.5% Chile
89%
36.1% Mexico
89%
36.1% Panama
89%
34.2% Jamaica
84%
32.4% Nicaragua
84%
33.9% Saint Lucia
79%
34.7% Uruguay
79%
41.9% Belize
74%
33.6% Saint Vincent and the Grenadines
74%
34.1% Antigua and Barbuda
68%
47.6% Bahamas
68%
38.2% Barbados
68%
46.6% Sant Kitts and Nevis
0%
No matching quizzes found
Score Distribution
Percent of People with Each Score
Percentile by Number Answered
Your Score History
You have not taken this quiz